000 00678nam a2200229Ia 4500
003 OSt
005 20220926010228.0
006 a|||||r|||| 00| 0
007 ta
008 220923b |||||||| |||| 00| 0 eng d
020 _a0706910834
037 _cGeneral Book
040 _aRTL
_cRTL
_beng
041 _2eng
_aeng
082 _aY9(L).2s, M2/TD3
100 _aBOSE Ashish and others
_9257504
245 0 _aSocial statistics
_b Health and education.
260 _a New Delhi
_bVikas Publishing house Pvt L T D
_c1982
300 _axii,375p.
_ccm.
942 _hY9(L).2s, M2/TD3
_cGB
_2CC
999 _c616790
_d616790